| 000 | 00655nam a2200289Ia 4500 | ||
|---|---|---|---|
| 008 | 210210b1858 xxu||||| |||| 00| 0 eng d | ||
| 041 | _aeng | ||
| 082 | _a230/168 | ||
| 100 | _aWISEMAN (Cardinal) | ||
| 245 | _aRecollections of the last four popes and of Rome in their times | ||
| 260 |
_aLondon _bNot Mentioned _c1858 |
||
| 300 | _aviii,336 | ||
| 650 | _atimes | ||
| 650 | _atheir | ||
| 650 | _athe | ||
| 650 | _aRome | ||
| 650 | _aRecollections | ||
| 650 | _aRecollection | ||
| 650 | _apopes | ||
| 650 | _aof | ||
| 650 | _alast | ||
| 650 | _ain | ||
| 650 | _afour | ||
| 650 | _aand | ||
| 690 | _aChristianity | ||
| 906 | _a001404 | ||
| 999 |
_c116525 _d116525 |
||